[Event "Sharjah Master 2024"]
[Site "Shsrjah - Abu Dhabi"]
[Date "2024.05.17"]
[Round "?"]
[White "Yakubboev, Nodirbek"]
[Black "Mchedlishvili, Mikheil"]
[Result "1/2-1/2"]
[WhiteElo "2665"]
[BlackElo "2567"]
[PlyCount "169"]
[EventDate "2024.05.14"]
[EventCountry "UAE"]

1. d4 Nf6 2. c4 e6 3. Nf3 b6 4. g3 Ba6 5. Qc2 Bb7 6. Bg2 c5 7. d5 exd5 8. cxd5 Nxd5 9. O-O Be7 10. Rd1 Nc6 11. a3 Nc7 12. Nc3 O-O 13. Bf4 Ne6 14. e3 Nxf4 15. gxf4 $146 ({RR} 15. exf4 h6 16. Rd2 d6 17. Rad1 Qe8 18. Nd5 Rd8 19. Re1 Qd7 20. Ne5 dxe5 21. Nf6+ Bxf6 22. Rxd7 Rxd7 23. fxe5 Nxe5 24. Qf5 Bxg2 25. Kxg2 Re7 26. f4 Ng6 27. Rxe7 Nxe7 28. Qd7 Nc8 29. b4 c4 {Royal,S (2483)-Duda,J (2732) chess.com INT 2024 0-1 (39)}) 15... d6 16. Rd2 h6 17. Rad1 Qd7 18. h3 Rad8 19. Nd5 Rfe8 20. b4 Bf8 21. b5 Na5 $6 {Inaccuracy. Ne7 was best.} (21... Ne7 22. Ne5 Qc8 23. Nxe7+ Rxe7 24. Rxd6 Bxg2 25. Kxg2 Rxd6 26. Rxd6 Rxe5 27. fxe5) 22. a4 Qc8 $6 {Inaccuracy. Rc8 was best.} (22... Rc8) 23. Kh2 c4 $6 {Inaccuracy. Be7 was best.} (23... Be7 24. Rg1) 24. Rd4 Rd7 25. Nd2 Qd8 $6 {Inaccuracy. Bxd5 was best.} (25... Bxd5 26. Bxd5 Rc7 27. Ne4 Kh8 28. Ng5 hxg5 29. fxg5 g6 30. Rh4+ Kg7 31. Qc3+) 26. Nxc4 Nxc4 27. Rxc4 g6 28. Nc7 Ree7 29. Bxb7 Rxc7 30. Bc6 Re6 31. Bd5 Rxc4 32. Qxc4 Qh4 33. Kg2 Re7 34. Rc1 g5 $6 {Inaccuracy. Rd7 was best.} (34... Rd7 35. Qe4 Kg7 36. Rc8 Qe7 37. Qc4 Rd8 38. Rxd8 Qxd8 39. Bxf7 Qf6 40. Bd5) 35. fxg5 $2 {Mistake. Rg1 was best.} (35. Rg1 Qh5 36. Kh2 Kh8 37. Qc8 Kg7 38. Rg3 f6 39. Kg2 Qe8 40. Qc3 Qg6) 35... Qxc4 $2 {Mistake. Qxg5+ was best.} (35... Qxg5+ 36. Kf1) 36. Rxc4 hxg5 37. Rc8 Kg7 38. e4 Re5 $6 {Inaccuracy. Rd7 was best.} (38... Rd7 39. Kg3 Be7 40. Bc6 Rd8 41. Rc7 Bf6 42. Bd5 Bd4 43. Rxf7+ Kg6 44. Rxa7) 39. Ra8 $6 {Inaccuracy. Kg3 was best.} (39. Kg3 Re7 40. Kg4 f6 41. Ra8 Rc7 42. f4 Be7 43. Rg8+ Kh7 44. Kf5 gxf4) 39... Re7 40. Kf3 $4 {Blunder. Rc8 was best.} (40. Rc8 Rd7 41. Kg3 Be7 42. Bc6 Rd8 43. Rc7 Bf6 44. Bd5 Bd4 45. Rxa7 Rh8) 40... Rc7 41. Kg4 Be7 42. Kf5 Bf6 43. f3 Be7 44. Bc6 Bf6 45. f4 gxf4 46. Kxf4 Be5+ 47. Kf5 Bf6 48. Kg4 Be5 49. Kg5 Bf6+ 50. Kf5 Re7 51. Rc8 Re5+ 52. Kf4 Re7 53. Ke3 Kh6 54. Rg8 Kh7 55. Rd8 Be5 56. Kd3 Kg7 57. Kc4 Bg3 58. Rc8 Kh7 59. Bd5 Kg7 60. Kd3 Be5 61. Rc2 Bf6 62. Rg2+ Kf8 63. Rg1 Rc7 64. Bc6 Re7 65. Rc1 Kg7 66. Rg1+ Kf8 67. Rg3 Re5 68. Rf3 Kg7 69. Bd5 Re7 70. Kc4 Kg6 71. Kb4 Kg7 72. Rd3 Re5 73. Rg3+ Rg5 74. Rf3 Rg1 75. a5 Rb1+ 76. Bb3 Re1 77. Bd5 Rb1+ 78. Bb3 Re1 79. axb6 axb6 80. Bd5 Rb1+ 81. Kc4 Rc1+ 82. Kb3 Rb1+ 83. Kc4 Rc1+ 84. Kb3 Rb1+ 85. Kc4 1/2-1/2

[Event "Sharjah Master 2024"]
[Site "Shsrjah - Abu Dhabi"]
[Date "2024.05.17"]
[Round "?"]
[White "Moroni, Luca Jr"]
[Black "Sadhwani, Raunak"]
[Result "1/2-1/2"]
[WhiteElo "2580"]
[BlackElo "2654"]
[PlyCount "58"]
[EventDate "2024.05.14"]
[EventCountry "UAE"]

1. c4 Nf6 2. g3 e6 3. Bg2 d5 4. Nf3 d4 5. d3 Bb4+ 6. Nbd2 ({RR} 6. Bd2 a5 7. O-O O-O 8. Bxb4 axb4 9. Nbd2 Nc6 10. Nb3 e5 11. Ne1 Bf5 12. Nc2 Qe7 13. Qd2 Ra4 14. c5 Rfa8 15. Bxc6 bxc6 16. Nxb4 Qe6 17. Rfc1 Bh3 18. f3 h5 19. Rc4 h4 20. a3 Qf5 {Arabidze,M (2458)-Perez Ponsa,F (2538) chess.com INT 2024 0-1 (41)}) 6... a5 7. a3 Be7 8. O-O $146 ({RR} 8. Nb3 c5 9. e4 a4 10. Nbd2 Nc6 11. Nh4 Nd7 12. O-O Bxh4 13. gxh4 Qxh4 14. f4 e5 15. Nf3 Qe7 16. Qe1 f6 17. Qg3 O-O 18. Nh4 exf4 19. Bxf4 Nde5 20. Nf5 Bxf5 21. exf5 Rad8 22. Bd5+ Rxd5 {Mikhalevski,V (2524)-Steiners,E (1993) Hastings ENG 2023 1-0 (52)}) ({RR} 8. Ne5 O-O 9. O-O Nfd7 10. f4 Nxe5 11. fxe5 Bg5 12. Ne4 Bxc1 13. Qxc1 Nd7 14. Qf4 Qe7 15. Rf2 a4 16. Raf1 Ra5 17. Nf6+ gxf6 18. Qg4+ Kh8 19. exf6 Nxf6 20. Rxf6 Rf5 21. Qxd4 e5 22. Qh4 Rxf1+ {Yakubboev,N (2661)-Nogerbek,K (2483) Samarkand UZB 2023 ½-½ (84)}) 8... Nc6 9. Nb3 e5 10. e3 $6 {Inaccuracy. a4 was best.} (10. a4) 10... a4 11. exd4 axb3 12. dxe5 Nd7 13. d4 Nb6 14. c5 Nd5 15. Qxb3 O-O 16. Be3 Be6 17. Qxb7 Na5 18. Qb5 Nxe3 19. fxe3 Nc4 20. Rfe1 Rb8 21. Qa4 Bg5 $4 {Blunder. Rxb2 was best.} (21... Rxb2 22. Rac1 Nd2 23. Nxd2 Rxd2 24. Be4 Bd5 25. Rc2 Bxe4 26. Rxd2 Qd5 27. Qa5) 22. Nxg5 Qxg5 23. d5 Nxe3 24. dxe6 Nxg2 25. e7 Qxe7 26. Re2 Ne3 27. Qe4 Rb3 28. Rxe3 Qxc5 29. Rae1 Rxb2 1/2-1/2

[Event "Sharjah Master 2024"]
[Site "Shsrjah - Abu Dhabi"]
[Date "2024.05.17"]
[Round "?"]
[White "Sanal, Vahap"]
[Black "Mendonca, Leon Luke"]
[Result "0-1"]
[WhiteElo "2566"]
[BlackElo "2640"]
[PlyCount "133"]
[EventDate "2024.05.14"]
[EventCountry "UAE"]

{[%evp 9,133,0,5,1,2,5,3,-4,0,0,3,0,21,0,16,12,18,20,55,56,53,45,44,44,47,15,7,0,19,23,28,-48,-30,-46,-30,-33,-40,-38,-30,-69,-24,-23,-31,-37,-14,-150,-177,-165,-158,-184,-181,-183,-183,-183,-183,-199,-175,-175,-192,-168,-163,-238,-203,-197,-194,-199,-201,-203,-197,-199,-191,-196,-197,-197,-204,-219,-215,-222,-218,-221,-105,-182,-166,-171,-95,-116,-103,-252,-268,-332,-305,-439,-362,-380,-360,-369,-353,-353,-353,-334,-328,-302,-244,-414,-414,-346,-349,-421,-425,-462,-445,-429,-448,-517,-508,-648,-650,-656,-616,-727,-710,-760,-729,-719,-637,-837]} 1. e4 {Stockfish 16.1} c5 2. Nf3 d6 3. Nc3 Nf6 4. d4 cxd4 5. Qxd4 Nc6 6. Qe3 g6 7. Bc4 Bg7 8. h3 {The position is equal.} O-O 9. O-O b6 ({RR} 9... a6 10. a4 Bd7 11. Qe2 Rc8 12. Bf4 Nh5 13. Be3 Ne5 14. Nxe5 Bxe5 15. Nd5 e6 16. Nb6 Rc6 17. a5 Bxb2 18. Ra2 Bg7 19. Bb3 Rc3 20. Rd1 Bb5 21. Qd2 Qh4 (21... Qc7 $17 22. Ba4 Qc6 23. Bxb5 axb5 24. Qxd6 Qxe4) 22. f3 $2 {[%mdl 8192]} ({RR} 22. Na4 $1 {[%cal Ra4c3]} Rc6 23. c4 Bxc4 24. Bxc4 Rxc4 25. Qxd6) (22. Na4 $1 $15 Rcc8 23. c4 Bxc4 24. Bxc4 Rxc4 25. Qxd6) 22... Be5 23. Bf2 Qf6 24. Ba4 {Nepomniachtchi,I (2815)-Duda,J (2774) Chess.com 2024 [Stockfish 16.1] 0-1 (32)}) 10. Rd1 Bb7 11. Bb3 Nd7 12. Qf4 $146 ({RR} 12. Nd5 {12.g5 0.18} Na5 13. Qg5 e6 14. Ne7+ Kh8 15. Qh4 Nxb3 16. axb3 Nf6 $2 (16... Bf6 $1 $17 {keeps the pressure on.} 17. Ng5 h5 18. Nxf7+ {[%mdl 64] Remove Defender} Rxf7 19. Nxg6+ Kg8 20. Qxh5 Qe8) 17. e5 (17. Bg5 $1 $16 {[%cal Rg5f6]} Qxe7 18. e5 dxe5 19. Nxe5) 17... Qxe7 18. exf6 (18. Bg5 $1 $11 dxe5 19. Nxe5) 18... Bxf6 19. Ng5 Bxg5 (19... h5 $17 20. Qg3 e5) 20. Bxg5 f6 21. Bh6 Rg8 (21... Rfd8 $15) 22. Qb4 (22. Rxd6 $1 $14 {[%mdl 512]} Rgd8 (22... Qxd6 23. Qxf6+) 23. Rxd8+ Qxd8 24. Qg4) 22... g5 23. Rxd6 (23. Qxd6 $11 Qxd6 24. Rxd6) 23... Rg6 ({Better is} 23... Qf7 $1 $17 24. f3 Qg6) 24. Rad1 $2 {[%mdl 8192]} (24. Rxb6 $11 Qxb4 25. Rxb4) 24... Rag8 $1 25. Qa3 Bc8 $2 (25... Rxh6 $19 26. Rd7 Qxa3 27. bxa3 Be4) 26. Rd8 $1 Qxa3 {Demchenko,A (2609)-Sarana,A (2703) chess.com INT 2024 ½-½ (73)}) 12... Nc5 13. Qh4 e6 14. Bg5 f6 15. Bh6 Qe7 16. Bxg7 Kxg7 17. Qg3 (17. Rd2 {seems wilder.} Ne5 18. Nd4 g5 19. Qg3 Kh8 20. Rad1) 17... Rad8 18. Rd2 Na5 19. Nd4 Kh8 20. Re1 ({White should play} 20. Rad1 $11) 20... e5 $15 21. Nf3 Naxb3 22. axb3 f5 {[%cal Rf5e4]} 23. Qg5 Rf6 {[%cal Rc5e4]} 24. Qh4 Nxe4 25. Nxe4 fxe4 26. Nh2 $1 {[#]} g5 $1 {[%mdl 512]} 27. Qxg5 $2 {Mistake. Qg3 was best.} (27. Qg3) (27. Qg3 $11) 27... Rg8 $36 {[%mdl 2048] Black is really pushing.} 28. Qe3 Rfg6 29. g4 Rf8 {[%cal Bg8f8,Bf8f4,Bf4e4][%mdl 32]} 30. c4 h5 $1 31. Qg3 Rf4 32. f3 h4 33. Qf2 exf3 34. Red1 Kg8 35. Kh1 (35. b4 $142) 35... Re4 {...Re2 is the strong threat.} 36. Kg1 Qg5 37. Re1 Rxe1+ 38. Qxe1 e4 39. Nf1 Re6 {White must now prevent ...e3.} 40. Qe3 Qe5 41. Kf2 Kg7 42. Qc3 Kf6 43. Ne3 Qxc3 44. bxc3 $19 {[%mdl 4096] Endgame KRB-KRN} Ke5 $6 {Inaccuracy. Kg5 was best.} (44... Kg5 45. Nf5 Kf4 46. Ne3 a6 47. Rd4 b5 48. Rd2 Rg6 49. Rd4 Bc6 50. Nf5) (44... Kg5 $19 {has better winning chances.} 45. Ra2 a6) 45. Nf5 $6 {Inaccuracy. Nd5 was best.} (45. Nd5) (45. Nd5 $17) 45... a6 {[%cal Ba7a6,Ba6a5,Ba5b4][%mdl 32]} 46. Ke3 Rf6 $6 {Inaccuracy. b5 was best.} (46... b5 $1 47. Rc2 {[#]} (47. cxb5 {is a better defense.} d5 48. Nd4) 47... Rf6 $1 48. cxb5 d5 (48... axb5 $19 49. c4 bxc4 50. bxc4 d5 51. cxd5 Ra6) 49. bxa6 Rxa6 50. Ne7 $2 (50. Nxh4 $17 Rh6 51. Nf5 Rxh3 52. Nd4) 50... Kf6 51. Nf5 {[#]} Kg5 $1 52. Rc1) (46... b5 $1 $19 47. Rd4 Rf6) 47. Ne7 b5 48. Nf5 $2 {Mistake. Rd1 was best.} (48. Rd1) (48. Rd1 $17) 48... d5 49. c5 $2 {Mistake. b4 was best.} (49. b4 bxc4 50. Nd4 Bc8 51. Rd1 Rf8 52. Nc6+ Ke6 53. Rd2 Rf6 54. Nd4+ Kf7) 49... a5 50. Rd1 (50. Nd6 $142 Ba6 51. Nf5) 50... b4 51. cxb4 axb4 52. Nd4 Ra6 53. Rc1 Ra2 54. c6 Bc8 55. c7 Rh2 56. g5 $2 (56. Nc6+ {was the only defense.} Kd6 57. Nxb4) 56... Rxh3 {Threatens to win with ...f2+!} 57. Nc6+ Kd6 58. Na7 Kd7 {Black is clearly winning.} 59. Rc5 Rg3 (59... f2+ $2 60. Kxf2 Rf3+ 61. Ke1 $19) 60. Rxd5+ Kxc7 {Hoping for ...f2+!} 61. Nxc8 Kxc8 {KR-KR} 62. Rd1 $6 {Inaccuracy. Rd4 was best.} (62. Rd4 Rg4 63. g6 f2 64. Kxf2 h3 65. g7 Rg2+ 66. Ke3 h2 67. Rd1 Rxg7) 62... h3 63. Rh1 Kd7 64. g6 Ke6 {And now ...Ke5 would win.} 65. g7 Rxg7 {Strongly threatening ...Rf7.} 66. Rxh3 Rf7 67. Kd4 {Accuracy: White = 62%, Black = 84%.} 0-1

[Event "Sharjah Master 2024"]
[Site "Shsrjah - Abu Dhabi"]
[Date "2024.05.17"]
[Round "?"]
[White "Kadric, Denis"]
[Black "Mishra, Abhimanyu"]
[Result "1/2-1/2"]
[WhiteElo "2558"]
[BlackElo "2634"]
[PlyCount "59"]
[EventDate "2024.05.14"]
[EventCountry "UAE"]

1. e4 e5 2. Nf3 Nc6 3. Bc4 Bc5 4. O-O Nf6 5. d3 d6 6. c3 O-O 7. Re1 Bb6 8. a4 ({RR} 8. h3 Ne7 9. Nbd2 c6 10. d4 Ng6 11. Bd3 exd4 12. cxd4 d5 13. exd5 cxd5 14. Nf1 Qd6 15. Ng3 Bd7 16. Bd2 Rfe8 17. Qb3 Bc6 18. Bb4 Qf4 19. Bd2 Qc7 20. Rac1 Ba5 21. Qc2 Bxd2 22. Qxd2 Qd6 {Abdusattorov,N (2766)-Erigaisi,A (2762) Warsaw POL 2024 ½-½ (71)}) 8... a5 9. h3 h6 $146 ({RR} 9... Ne7 10. Bb3 Ng6 11. Na3 c6 12. d4 exd4 13. Nc4 Re8 14. Bg5 Ba7 15. cxd4 h6 16. Bxf6 Qxf6 17. e5 dxe5 18. dxe5 Qe7 19. Nd6 Rf8 20. Nxc8 Raxc8 21. e6 f5 22. Qc2 Kh7 23. Rad1 Rc7 24. Ne5 {Santos Latasa,J (2612)-Hong,A (2542) chess.com INT 2024 1-0 (53)}) 10. Bb3 Ne7 11. d4 Ng6 12. Bc2 Re8 13. Nbd2 c6 14. Nf1 d5 15. Nxe5 Nxe5 16. dxe5 Nxe4 17. Bxe4 dxe4 18. Qxd8 Bxd8 19. Rxe4 Bc7 20. f4 Bf5 21. Re1 f6 22. g4 Bd3 23. Ng3 fxe5 24. f5 e4 25. Nh5 Kf7 26. Bf4 Bb6+ 27. Be3 Bxe3+ 28. Rxe3 Rad8 29. Ng3 Rd5 30. Rae1 1/2-1/2

[Event "Sharjah Master 2024"]
[Site "Shsrjah - Abu Dhabi"]
[Date "2024.05.17"]
[Round "?"]
[White "Horvath, Dominik"]
[Black "Gledura, Benjamin"]
[Result "1/2-1/2"]
[WhiteElo "2553"]
[BlackElo "2619"]
[PlyCount "87"]
[EventDate "2024.05.14"]
[EventCountry "UAE"]

1. Nf3 d6 2. d4 g6 3. g3 Bg7 4. Bg2 Nf6 5. O-O O-O 6. Re1 Nbd7 7. e4 e5 8. Nc3 c6 9. a4 Re8 10. a5 Qc7 11. h3 $146 ({RR} 11. b3 exd4 12. Nxd4 Nc5 13. Bb2 Rb8 14. b4 Ne6 15. Qd2 Ng4 16. Nxe6 Bxe6 17. f4 b5 18. h3 Nf6 19. Rad1 Rbd8 20. Qf2 a6 21. Ne2 Bc4 22. Nd4 c5 23. bxc5 dxc5 24. Nb3 Nd7 25. Bxg7 Kxg7 {Zafirakos,J (2022)-Anuj,S (2390) chess.com INT 2024 1-0 (82)}) 11... Rb8 12. Be3 b5 13. axb6 axb6 14. d5 Bb7 15. Nh2 b5 16. dxc6 Qxc6 17. Ng4 b4 18. Nxf6+ Nxf6 19. Nd5 Nxd5 20. exd5 Qc4 21. Ra4 Bc8 22. c3 $6 {Inaccuracy. Ba7 was best.} (22. Ba7) 22... Bd7 23. Ra7 bxc3 24. Rxd7 cxb2 25. Bf1 Qc8 26. Rxd6 b1=Q 27. Qxb1 Rxb1 28. Rxb1 Bf8 29. Rc6 Qd7 30. Bc4 $6 {Inaccuracy. Bg2 was best.} (30. Bg2) 30... Rc8 $6 {Inaccuracy. Ra8 was best.} (30... Ra8 31. Kh2 Ra3 32. Rb3 Rxb3 33. Bxb3 Bd6 34. Ba4 Qd8 35. Ra6 Qb8 36. Bh6) 31. Rbb6 Qxh3 32. Rb7 Ra8 33. Ba7 Rc8 34. Be3 h5 35. Bf1 Qg4 36. Be2 Qxe2 37. Rxc8 Qd1+ 38. Kh2 Kg7 39. Rd8 h4 40. gxh4 Qg4 41. Bg5 Qf3 42. Be3 Qf6 43. Rdd7 Qxh4+ 44. Kg2 1/2-1/2

[Event "Sharjah Master 2024"]
[Site "Shsrjah - Abu Dhabi"]
[Date "2024.05.17"]
[Round "?"]
[White "Adhiban, B.."]
[Black "Aditya Mittal"]
[Result "1/2-1/2"]
[WhiteElo "2520"]
[BlackElo "2607"]
[PlyCount "52"]
[EventDate "2024.05.14"]
[EventCountry "UAE"]

1. e4 e5 2. Nf3 Nc6 3. Bb5 a6 4. Ba4 b5 5. Bb3 Na5 6. O-O d6 7. d4 exd4 8. Nxd4 Bb7 9. Bd2 Nxb3 10. axb3 $146 (10. Re1) ({RR} 10. Nxb3 c6 11. Re1 Be7 12. e5 dxe5 13. Rxe5 Kf8 14. Qe1 Bd6 15. Bb4 Nf6 16. Bxd6+ Qxd6 17. f3 Bc8 18. Nc3 Be6 19. Rd1 Bd5 20. Qg3 h5 21. Nxd5 cxd5 22. Rde1 Rh6 23. Nd4 Rg6 24. Qf4 b4 {Atwell,R (2104)-Hajnal,Z (2383) Sunnyvale USA 2024 1-0 (32)}) ({RR} 10. Nxb3 Nf6 11. Re1 Be7 12. Na5 Qc8 13. Qf3 O-O 14. Nc3 Rb8 15. Rad1 Ba8 16. Nd5 Nxd5 17. exd5 Bf6 18. Bc3 Bxc3 19. Qxc3 b4 20. Qf3 Rb5 21. Nc4 Re8 22. Rxe8+ Qxe8 23. h4 Rb8 24. h5 h6 {Lodici,L (2565)-Iermito,S (2511) Vasto ITA 2024 1-0 (70)}) ({RR} 10. Nxb3 Nf6 11. Re1 Be7 12. Na5 Rb8 13. Nxb7 Rxb7 14. Qf3 Ra7 15. a4 bxa4 16. Rxa4 O-O 17. Nc3 Nd7 18. Rea1 Bg5 19. Be3 Bxe3 20. Qxe3 Rb7 21. b3 Nb8 22. h3 Re8 23. Qf3 Qc8 24. Nd5 Re5 {Rogic,D (2408)-Labrovic,J (1986) Mali Losinj CRO 2024 1-0 (62)}) 10... Nf6 11. Re1 Nd7 12. Nc3 g6 13. Nd5 Bg7 14. Ba5 Rc8 15. Nf3 Nb6 16. Bxb6 cxb6 17. c3 (17. b4 O-O) 17... O-O 18. Qd3 Re8 19. Rad1 Bxd5 20. Qxd5 b4 21. cxb4 Bxb2 22. Re3 Qe7 23. e5 $4 {Blunder. g3 was best.} (23. g3 Bc3 24. b5 Rc5 25. Qxd6 Qxd6 26. Rxd6 Bb4 27. Rd5 Rxb5 28. Rxb5 axb5) 23... Ba3 $4 {Blunder. dxe5 was best.} (23... dxe5 24. Qe4 f5 25. Qb1 Bc3 26. Rc1 Qxb4 27. Qc2 e4 28. Rxc3 Rxc3 29. Qxc3) 24. h3 $4 {Blunder. exd6 was best.} (24. exd6 Qd7 25. Ne5 Qe6 26. Qd4 Bc1 27. Ree1 Red8 28. d7 Rc7 29. Rxc1 Rxc1) 24... dxe5 25. Nxe5 Qe6 $6 {Inaccuracy. Qc7 was best.} (25... Qc7 26. Rc3 Qe7 27. Re3 Qc7) 26. Qf3 $6 {Inaccuracy. Qd2 was best.} (26. Qd2 Qf6) 26... Bc1 1/2-1/2

[Event "Sharjah Master 2024"]
[Site "Shsrjah - Abu Dhabi"]
[Date "2024.05.17"]
[Round "?"]
[White "Idani, Pouya"]
[Black "Blohberger, Felix"]
[Result "1/2-1/2"]
[WhiteElo "2605"]
[BlackElo "2505"]
[PlyCount "78"]
[EventDate "2024.05.14"]
[EventCountry "UAE"]

1. e4 e5 2. Nf3 Nc6 3. d4 exd4 4. Nxd4 Nf6 5. Nxc6 bxc6 6. e5 Qe7 7. Qe2 Nd5 8. h4 Qe6 ({RR} 8... a5 9. c4 Ba6 10. Rh3 Nb6 11. b3 Qe6 12. Bb2 a4 13. Nd2 Bb4 14. O-O-O axb3 15. axb3 Bb7 16. Ne4 c5 17. Ng5 Qe7 18. Re3 O-O-O 19. g3 Kb8 20. f4 h6 21. Ne4 Rhe8 22. Bg2 Qe6 23. Nd6 {Durarbayli,V (2627)-Caruana,F (2804) Saint Louis USA 2024 ½-½ (118)}) 9. Nd2 d6 10. exd6 Bxd6 $146 ({RR} 10... Qxe2+ 11. Bxe2 cxd6 12. Nc4 h5 13. Bf3 Be6 14. Bg5 f6 15. Bd2 Kf7 16. O-O-O Rc8 17. Rde1 Nb6 18. Na5 d5 19. Re2 Bf5 20. Rhe1 Kg6 21. a3 Bd6 22. Bb4 c5 23. Nb7 Bf8 24. Ba5 d4 25. Re8 {Movahed,S (2450)-Agibileg,U (2445) chess.com INT 2024 1-0 (72)}) ({RR} 10... Nb4 11. Ne4 Ba6 12. c4 cxd6 13. Rh3 d5 14. Nf6+ Kd8 15. Re3 Qxf6 16. Re8+ Kc7 17. Rxa8 Nd3+ 18. Qxd3 Bb4+ 19. Bd2 Bxd2+ 20. Qxd2 Qe5+ 21. Qe3 Qxe3+ 22. fxe3 Rxa8 23. cxd5 Bxf1 24. Kxf1 cxd5 25. Ke2 {Mihok,O (2555)-Papp,G (2530) Hungary HUN 2024 ½-½ (33)}) ({RR} 10... Nb4 11. Ne4 Ba6 12. c4 cxd6 13. a3 Bxc4 14. Qxc4 Qxc4 15. Bxc4 Nc2+ 16. Ke2 d5 17. Ra2 dxc4 18. Rd1 Rd8 19. Rxd8+ Kxd8 20. Nd2 Nd4+ 21. Kd1 c3 22. bxc3 Nb5 23. Kc2 Be7 24. g3 Re8 25. a4 {Abdilkhair,A (2255)-Sapenov,D (2350) Astana KAZ 2023 1-0 (58)}) 11. Nc4 Bc5 12. a3 O-O 13. Qxe6 Bxe6 14. Bd3 Rfe8 15. O-O Bg4 16. Bd2 Be2 17. Rfe1 Bxd3 18. cxd3 Bd4 19. Kf1 Reb8 20. Rab1 Rb3 21. Na5 Rxb2 22. Rxb2 Bxb2 23. Nc4 Bd4 24. Rb1 Kf8 25. Na5 Ne7 26. a4 Bb6 27. Nc4 Bd4 28. Rb7 Nd5 29. Na5 c5 30. Nc6 a6 31. Ba5 Bf6 32. Rb8+ $2 {Mistake. Bxc7 was best.} (32. Bxc7 Nxc7 33. Rxc7 Bxh4 34. Ne5 Be7 35. g3 h5 36. Nd7+ Ke8 37. Nxc5 g5) 32... Rxb8 33. Nxb8 Nb6 $2 {Mistake. Ke7 was best.} (33... Ke7) 34. Nxa6 Nxa4 35. g3 c6 36. Nb8 Ke7 37. Nxc6+ Kd7 38. Na7 Nb2 39. Ke2 c4 1/2-1/2

[Event "Sharjah Master 2024"]
[Site "Shsrjah - Abu Dhabi"]
[Date "2024.05.17"]
[Round "?"]
[White "Esipenko, Andrey"]
[Black "Seemann, Jakub"]
[Result "1-0"]
[WhiteElo "2703"]
[BlackElo "2474"]
[PlyCount "87"]
[EventDate "2024.05.14"]
[EventCountry "UAE"]

{[%evp 9,87,7,5,7,7,9,8,1,0,0,-1,-13,17,11,25,36,41,38,42,43,38,32,40,-5,58,48,107,110,127,121,138,135,173,99,90,61,66,66,128,122,132,140,137,65,137,117,125,118,133,22,36,17,43,-74,-76,-129,-127,-200,0,-93,-91,-98,-36,-26,-35,-78,0,0,0,0,95,105,679,679,843,807,894,953,993,985]} 1. e4 c5 2. Nf3 d6 3. Bb5+ Nd7 4. O-O a6 5. Be2 Ngf6 6. d3 e6 7. a4 b6 8. Nfd2 {The position is equal.} Bb7 9. f4 Be7 10. Nc3 O-O 11. Bf3 Qc7 12. g4 Nb8 13. g5 Nfd7 14. Bg2 Nc6 15. Nc4 Nd4 16. Ne3 $146 ({RR} 16. f5 {16.e2 0.50} exf5 (16... b5 $5 {[%cal Rb5c4]} 17. f6 gxf6 18. gxf6 Nxf6 $17) 17. exf5 (17. h4 $11) 17... Bxg2 18. Kxg2 Qb7+ 19. Kh3 (19. Kg1 $17) 19... d5 20. Ne3 Bxg5 21. Nexd5 Nf6 $2 ({Better is} 21... Bxc1 $1 $19 22. Qxc1 Rfe8) 22. Nxf6+ Bxf6 23. Ne4 Be5 24. c3 Nc6 25. f6 Qd7+ 26. Qg4 Rfd8 27. Rf3 (27. fxg7 $15 Qxg4+ 28. Kxg4) 27... Qxg4+ $1 28. Kxg4 g6 29. a5 Bc7 (29... Nxa5 $17 30. Nxc5 Bxh2) 30. Bf4 Bxf4 {Perez Ponsa,F (2538)-Volkov,M (2302) chess.com INT 2024 0-1 (46)}) 16... b5 $6 {Inaccuracy. f6 was best.} (16... f6) (16... f6 $11) 17. Ne2 Nxe2+ $6 {Inaccuracy. bxa4 was best.} (17... bxa4) (17... bxa4 $14 18. Rxa4 d5) 18. Qxe2 $16 Rfe8 19. Bd2 Bf8 20. Qf2 Bc6 21. b3 (21. Qh4 $18) 21... Qb7 22. c4 bxa4 23. bxa4 Rab8 (23... Qb3 $14) 24. Bc3 Qc7 25. h4 Rb3 26. Qc2 (26. Rac1 $16) 26... Qb8 (26... Reb8 $14) 27. Ng4 Qb7 28. h5 d5 29. cxd5 $6 {Inaccuracy. Rab1 was best.} (29. Rab1) ({White should play} 29. Rab1 $16 dxc4 30. dxc4) 29... exd5 $11 30. e5 Rb8 $1 31. Rf2 $2 {Mistake. Rae1 was best.} (31. Rae1 {31.e6 0.61} d4) (31. e6 $14 {keeps the upper hand.} fxe6 32. Ne5) 31... d4 $17 32. Bxc6 $6 {Inaccuracy. Ba5 was best.} (32. Ba5 Bxg2) 32... Qxc6 {[#]} 33. Bxd4 $1 {[%mdl 512]} Qd5 $2 {Mistake. Qe6 was best.} (33... Qe6 $1 34. f5 Qd5 35. Bc3 c4 36. g6 fxg6 37. d4 Nc5 $1 38. hxg6 Qe4 39. Qxe4) (33... Qe6 $1 $19 {[%cal Re6g4]} 34. f5 Qd5) (33... cxd4 34. Qxc6) 34. Bc3 $6 {Inaccuracy. Be3 was best.} (34. Be3 $1 Rxd3 35. Rd2 c4 36. Rxd3 cxd3 37. Qa2 Qxa2 38. Rxa2 Bc5 39. Kf2 Rb4) (34. Be3 $1 $11) 34... c4 $1 {[%cal Rc4d3]} 35. d4 Rxc3 $6 {Inaccuracy. Nc5 was best.} (35... Nc5 36. dxc5 Bxc5 37. Kh2 Bxf2 38. Nxf2 Qf3 39. Ne4 Qxf4+ 40. Kg1 Rxc3 41. Nxc3) (35... Nc5 $1 $17 {[%cal Rc5e4]} 36. Ne3 (36. dxc5 Bxc5 37. Kh2 Bxf2 $17) 36... Qe4) 36. Qxc3 $15 {Ne3 is the strong threat.} Rb3 37. Qe1 (37. Ne3 $2 Qe4 $19) 37... Rg3+ (37... Rh3 $1 $17 {[%csl Gd5][%cal Rh3h1]} 38. Rg2 Bb4) 38. Kh2 $11 Rxg4 39. Qe2 f5 $6 {Inaccuracy. Qe6 was best.} (39... Qe6 $1 40. f5 Rh4+ 41. Kg3 Qd5 42. Kxh4 Qxd4+ 43. Kh3 Qxa1 44. e6 $1 {[%cal Re6d7]} Ne5 45. Qe4 $1) ({But not} 39... Qxd4 $6 40. Rd1 $16) (39... Qe6 $1 $11 40. Qf3 Rh4+ 41. Kg2 Qf5) 40. e6 $1 $36 {[%mdl 2048] White is in control.} Qxd4 $4 {[#] Blunder. h6 was best.} (40... h6 41. exd7) (40... h6 $16) 41. Rd1 $1 $18 {[%cal Rd1d4] White is clearly winning.} (41. exd7 Qxd7 42. Re1 (42. Qxc4+ Kh8 $14) 42... Rh4+ 43. Kg3 Rg4+ 44. Kh3 Qf7 $18) 41... Qc3 $6 {[#] Inaccuracy. Rh4+ was best.} (41... Rh4+ 42. Kg2 Rg4+ 43. Qxg4 Qe4+ 44. Qf3 Qxe6 45. Re2 Qf7 46. Qd5 Nc5 47. Qxf7+) 42. Rf3 $1 {[%cal Rf3c3]} Rh4+ 43. Kg3 Rg4+ 44. Kh3 {Accuracy: White = 67%, Black = 57%.} 1-0